Multiple Choice City Quiz – San Bernardino - Statistics

General Stats
  • This quiz has been taken 30 times
  • The average score is 3 of 10
Answer Stats
Question Answer % Correct
Claude R. Kirk Jr. was a governor of Florida from San Bernardino. What number governor was he? 36th
42%
According to the US census, San Bernardino was rated as the second poorest US city. What city was ranked number one? Detroit
42%
San Bernardino is home to the largest oudoor ampitheater in the US. What is it called? Glen Helen Amphitheater
42%
Before the San Bernardino Airport International Airport was used for the public, it used to be an air force base. What was it called? Norton Air Force Base
42%
What tool is on the team logo of the Inland Empire 66ers of San Bernardino? A wrench
38%
Which fast food chain was founded in San Bernardino? McDonald's
38%
Which former US president worked as a elevator operator in San Bernardino? Lyndon Johnson
25%
What annual festival does San Bernardino hold? National Orange Show
25%
Which city is not adjacent to San Bernardino? Riverside
25%
When was San Bernardino incorporated by mormons? 1854
13%
No matching quizzes found
Score Distribution
Percent of People with Each Score
Percentile by Number Answered
Your Score History
You have not taken this quiz